000
00258nam a2200097Ia 4500
008
171204s9999 xx 000 0 und d
245
_a
Trigonometry:
260
_c
2016
650
_x
G-MATH2 Trigonometry
856
_u
http://down.ebook777.com/052/B01N02XOB2.pdf
999
_c
345506
_d
345506